000 00806nam a2200241Ia 4500
003 OSt
005 20220925222950.0
006 a|||||r|||| 00| 0
007 ta
008 220923b |||||||| |||| 00| 0 eng d
020 _a9780415419802
_c2162.4000000000001
037 _b101/2010-11, 12/05/2010, PIONEER BOOK DISTRIBUTORS
_cGeneral Book
040 _aRTL
_cRTL
_beng
041 _2eng
_aeng
082 _aX4, Q0
100 _aCowie Jonathan
_9288680
245 0 _aEconomics of transport
_b A theoritical and applied perspective.
260 _aLondon
_bRoutldge
_c2010
300 _axv, 384p Bibliography chapterwise
_ccm.
650 _aCommerce
942 _hX4, Q0
_cGB
_2CC
999 _c578284
_d578284